The Mandela settlement / (Record no. 65670)

MARC details
000 -LEADER
fixed length control field 00561nam a22001577a 4500
005 - DATE AND TIME OF LATEST TRANSACTION
control field 20120426122559.0
020 ## - INTERNATIONAL STANDARD BOOK NUMBER
International Standard Book Number 8185462070
Terms of availability 1993
035 ## - SYSTEM CONTROL NUMBER
System control number A-682194
037 ## - SOURCE OF ACQUISITION
Stock number DPL
Source of stock number/acquisition ENG
100 ## - MAIN ENTRY--PERSONAL NAME
Personal name Panikkar, K.M.
245 ## - TITLE STATEMENT
Title The Mandela settlement /
Statement of responsibility, etc by K.M. Panikkar
260 ## - PUBLICATION, DISTRIBUTION, ETC. (IMPRINT)
Place of publication, distribution, etc New Delhi
Name of publisher, distributor, etc Batra
Date of publication, distribution, etc 1993
300 ## - PHYSICAL DESCRIPTION
Extent 158p.
Dimensions 18 cms.
942 ## - ADDED ENTRY ELEMENTS (KOHA)
Source of classification or shelving scheme Dewey Decimal Classification
Item type English Books
Classification part 320.560968
Call number suffix PAN
Holdings
Withdrawn status Lost status Not for loan Collection code Home library Current library Date acquired Cost, normal purchase price Full call number Barcode Cost, replacement price Koha item type
      Non-fiction Sarojini Nagar Sarojini Nagar 26/04/2012 0.00 320.560968 PAN A-682194 0.00 English Books

© Delhi Public Library
Hit Counter
free hit counter